[Event "Snowdrops-Old Hands"]
[Site "Podebrady"]
[Date "2013.12.03"]
[Round "4.2"]
[White "Ivkov, Borislav"]
[Black "Muzychuk, Mariya"]
[Result "1/2-1/2"]
[WhiteElo "2408"]
[BlackElo "2491"]
[PlyCount "47"]
[EventDate "2013.11.30"]
[EventType "schev"]
[EventRounds "8"]
[EventCountry "CZE"]
[SourceTitle "CBM 157 Extra"]
[Source "ChessBase"]
[SourceDate "2013.12.19"]
[SourceVersion "1"]
[SourceVersionDate "2013.12.19"]
[SourceQuality "1"]
[WhiteTeam "Old Hands"]
[BlackTeam "Snowdrops"]
[WhiteTeamCountry "CZE"]
[BlackTeamCountry "CZE"]

1. Nf3 c5 2. c4 Nc6 3. Nc3 e5 4. g3 g6 5. Bg2 Bg7 6. 0-0 Nge7 7. a3 d6 8. Rb1 a5 9. d3 Rb8 10. Bd2 0-0 11. Ne1 Be6 12. Nc2 d5 13. cxd5 Nxd5 14. Nxd5 Bxd5 15. Bxd5 Qxd5 16. b4 cxb4 17. axb4 e4 18. b5 exd3 19. Ne3 dxe2 20. Nxd5 exd1Q 21. Rfxd1 Nb4 22. Nxb4 axb4 23. Bxb4 Rfd8 24. Be7 1/2-1/2

[Event "Belgrade-chT"]
[Site "Belgrade"]
[Date "2013.10.20"]
[Round "9.1"]
[White "Dobrijevic, Milan"]
[Black "Ivkov, Borislav"]
[Result "1-0"]
[WhiteElo "2230"]
[BlackElo "2410"]
[PlyCount "83"]
[EventDate "2013.10.12"]
[EventType "team-tourn"]
[EventRounds "11"]
[EventCountry "SRB"]
[SourceTitle "EXT 2014"]
[Source "ChessBase"]
[SourceDate "2013.11.20"]
[SourceVersion "1"]
[SourceVersionDate "2013.11.20"]
[SourceQuality "1"]
[WhiteTeam "Belgrade PTT"]
[BlackTeam "Crvena Zvezda"]
[WhiteTeamCountry "SRB"]
[BlackTeamCountry "SRB"]

1. e4 g6 2. d4 Bg7 3. Nc3 d6 4. h4 h5 5. Bg5 Nd7 6. Qd2 c5 7. Nge2 a6 8. a4 Ngf6 9. g3 Qa5 10. Bg2 Qb4 11. dxc5 Nxc5 12. Bxf6 Bxf6 13. Nd5 Qxd2+ 14. Kxd2 Kd8 15. Nxf6 exf6 16. b4 Ne6 17. Nc3 a5 18. Rhb1 Nc7 19. Bf1 Re8 20. Bc4 Be6 21. Kd3 Bxc4+ 22. Kxc4 axb4 23. Rxb4 Kc8 24. Rab1 Ra7 25. Kd3 Rd8 26. Rc4 Rd7 27. Nd5 Kb8 28. Nxf6 Re7 29. Rb6 Ra6 30. Nd5 Rxb6 31. Nxb6 f6 32. a5 Rf7 33. Rd4 Ne8 34. f4 Rc7 35. Rc4 Rc6 36. Kd4 Kc7 37. Nd5+ Kd7 38. Rb4 Rxc2 39. Rxb7+ Kc8 40. Re7 Kd8 41. Rf7 Ra2 42. Nb6 1-0

[Event "Belgrade-chT"]
[Site "Belgrade"]
[Date "2013.10.17"]
[Round "6.1"]
[White "Kiproski, Branislav"]
[Black "Ivkov, Borislav"]
[Result "1-0"]
[WhiteElo "2099"]
[BlackElo "2410"]
[PlyCount "42"]
[EventDate "2013.10.12"]
[EventType "team-tourn"]
[EventRounds "11"]
[EventCountry "SRB"]
[SourceTitle "EXT 2014"]
[Source "ChessBase"]
[SourceDate "2013.11.20"]
[SourceVersion "1"]
[SourceVersionDate "2013.11.20"]
[SourceQuality "1"]
[WhiteTeam "Cirilo i Metodije"]
[BlackTeam "Crvena Zvezda"]
[WhiteTeamCountry "SRB"]
[BlackTeamCountry "SRB"]

1. d4 g6 2. Nf3 Bg7 3. g3 d6 4. Bg2 Nd7 5. c4 e5 6. 0-0 Nh6 7. Nc3 0-0 8. e4 c6 9. h3 f6 10. Be3 a5 11. Qc2 Nf7 12. Rfd1 Re8 13. c5 exd4 14. Bxd4 dxc5 15. Bxc5 a4 16. Nxa4 Qa5 17. Rxd7 Qxa4 18. Rd2 Qxc2 19. Rxc2 Rxe4 20. Nd4 Re8 21. b4 Ng5 1-0

[Event "Belgrade-chT"]
[Site "Belgrade"]
[Date "2013.10.15"]
[Round "4.1"]
[White "Ivkov, Borislav"]
[Black "Jovanovic, Zoran"]
[Result "1-0"]
[WhiteElo "2410"]
[BlackElo "2338"]
[PlyCount "79"]
[EventDate "2013.10.12"]
[EventType "team-tourn"]
[EventRounds "11"]
[EventCountry "SRB"]
[SourceTitle "EXT 2014"]
[Source "ChessBase"]
[SourceDate "2013.11.20"]
[SourceVersion "1"]
[SourceVersionDate "2013.11.20"]
[SourceQuality "1"]
[WhiteTeam "Crvena Zvezda"]
[BlackTeam "Belgrade Vodovod"]
[WhiteTeamCountry "SRB"]
[BlackTeamCountry "SRB"]

1. Nf3 f5 2. g3 Nf6 3. Bg2 g6 4. d4 Bg7 5. c4 0-0 6. Nc3 d6 7. 0-0 Qe8 8. d5 c6 9. Nd4 Bd7 10. Rb1 Na6 11. b3 Nc7 12. Bb2 c5 13. Nc2 Rd8 14. a4 a5 15. f4 e6 16. dxe6 Bc6 17. Nd5 Nxe6 18. Bxf6 Bxf6 19. Qd2 Ra8 20. Rbe1 Bg7 21. e4 Qf7 22. exf5 gxf5 23. Re2 Rfe8 24. Rfe1 Nd4 25. Rxe8+ Rxe8 26. Nxd4 Bxd4+ 27. Kf1 Rxe1+ 28. Qxe1 Qh5 29. h4 Qf7 30. Qxa5 Kg7 31. Qd8 Bxd5 32. Bxd5 Qf6 33. Qg8+ Kh6 34. Bxb7 Bc3 35. Kg2 Qg7 36. Qe6+ Qg6 37. Qe3 Bd4 38. Qe7 Bc3 39. Bc8 Bd2 40. Qf8+ 1-0

[Event "Belgrade-chT"]
[Site "Belgrade"]
[Date "2013.10.14"]
[Round "3.1"]
[White "Svetac, Nenad"]
[Black "Ivkov, Borislav"]
[Result "0-1"]
[WhiteElo "2257"]
[BlackElo "2410"]
[PlyCount "80"]
[EventDate "2013.10.12"]
[EventType "team-tourn"]
[EventRounds "11"]
[EventCountry "SRB"]
[SourceTitle "EXT 2014"]
[Source "ChessBase"]
[SourceDate "2013.11.20"]
[SourceVersion "1"]
[SourceVersionDate "2013.11.20"]
[SourceQuality "1"]
[WhiteTeam "Belgrade Sigurnost"]
[BlackTeam "Crvena Zvezda"]
[WhiteTeamCountry "SRB"]
[BlackTeamCountry "SRB"]

1. Nf3 g6 2. c4 Bg7 3. d4 d6 4. Nc3 e5 5. dxe5 dxe5 6. Qxd8+ Kxd8 7. e4 Nd7 8. Ng5 Nh6 9. Be3 c6 10. 0-0-0 Ke7 11. f3 f6 12. Nh3 Nf7 13. Nf2 Bh6 14. Ng4 Bxe3+ 15. Nxe3 h5 16. h4 Nd8 17. g3 a5 18. Bh3 Nc5 19. b3 Bxh3 20. Rxh3 Nde6 21. Rh2 Rhd8 22. Rhd2 Nd4 23. f4 Rd7 24. Kb2 Rad8 25. fxe5 fxe5 26. g4 hxg4 27. Nxg4 Nf3 28. Rxd7+ Nxd7 29. h5 gxh5 30. Ne3 Nd4 31. Rg1 Kf6 32. Rf1+ Ke6 33. Nf5 Rh8 34. Nh4 Rf8 35. Rh1 Rf2+ 36. Kb1 Nc5 37. Nd1 Rd2 38. Nf5 Nxe4 39. Ng7+ Kf7 40. Nxh5 Kg6 0-1

[Event "Belgrade-chT"]
[Site "Belgrade"]
[Date "2013.10.12"]
[Round "1.1"]
[White "Ivkov, Borislav"]
[Black "Andrejic, Vladica"]
[Result "1-0"]
[WhiteElo "2410"]
[BlackElo "2210"]
[PlyCount "67"]
[EventDate "2013.10.12"]
[EventType "team-tourn"]
[EventRounds "11"]
[EventCountry "SRB"]
[SourceTitle "EXT 2014"]
[Source "ChessBase"]
[SourceDate "2013.11.20"]
[SourceVersion "1"]
[SourceVersionDate "2013.11.20"]
[SourceQuality "1"]
[WhiteTeam "Crvena Zvezda"]
[BlackTeam "Romanticari"]
[WhiteTeamCountry "SRB"]
[BlackTeamCountry "SRB"]

1. Nf3 d5 2. g3 Nf6 3. Bg2 Bf5 4. 0-0 e6 5. d3 h6 6. Nbd2 Be7 7. b3 0-0 8. Bb2 a5 9. a3 Bh7 10. c4 c6 11. Rc1 Nbd7 12. Rc2 Re8 13. Qa1 a4 14. b4 c5 15. bxc5 Nxc5 16. cxd5 exd5 17. Nd4 Qd7 18. Rfc1 Rac8 19. Bc3 Bf8 20. Bb4 Ne6 21. Bxf8 Kxf8 22. Rxc8 Rxc8 23. Rxc8+ Qxc8 24. Bh3 Qe8 25. N2f3 Nc5 26. Qc3 Qe7 27. Qb4 Ke8 28. Nh4 g6 29. Ng2 Qd6 30. Ne3 Nfd7 31. Nb5 Qc6 32. Nxd5 Kd8 33. Bg2 g5 34. d4 1-0

[Event "SRB-chT"]
[Site "Valjevo"]
[Date "2012.09.20"]
[Round "4.5"]
[White "Ivkov, Borislav"]
[Black "Nikolic, Predrag"]
[Result "0-1"]
[WhiteElo "2420"]
[BlackElo "2638"]
[PlyCount "112"]
[EventDate "2012.09.17"]
[EventType "team-tourn"]
[EventRounds "11"]
[EventCountry "SRB"]
[SourceTitle "CBM 150 Extra"]
[Source "ChessBase"]
[SourceDate "2012.10.19"]
[SourceVersion "1"]
[SourceVersionDate "2012.10.19"]
[SourceQuality "1"]
[WhiteTeam "Belgrade Crvena Zvezda"]
[BlackTeam "Kac Jugovic"]
[WhiteTeamCountry "SRB"]
[BlackTeamCountry "SRB"]

1. d4 f5 2. g3 Nf6 3. Bg2 g6 4. Nf3 Bg7 5. 0-0 0-0 6. Nbd2 d6 7. c3 Nc6 8. Qb3+ Kh8 9. Ng5 Qe8 10. Ne6 Bxe6 11. Qxe6 Nd8 12. Qb3 e5 13. dxe5 dxe5 14. Nc4 Rb8 15. Bg5 Ne6 16. Bxf6 Bxf6 17. Rad1 e4 18. Rd5 b5 19. Na5 Rb6 20. Qd1 Ra6 21. Nb3 Rxa2 22. Qb1 Ra6 23. Rfd1 Rf7 24. e3 Kg7 25. Bf1 c6 26. Rd6 Rb6 27. Qa2 Be5 28. R6d2 Ng5 29. Be2 Qe6 30. Nc1 Qxa2 31. Nxa2 a5 32. Kg2 Ne6 33. Rd7 Rb7 34. Rxf7+ Kxf7 35. f4 Bf6 36. g4 Ke7 37. gxf5 gxf5 38. Bf1 Bh4 39. Nc1 Rd7 40. Rxd7+ Kxd7 41. Na2 Nc7 42. c4 b4 43. Be2 Kd6 44. b3 Kc5 45. Bd1 a4 46. bxa4 Kxc4 47. Nc1 c5 48. Bb3+ Kc3 49. Bf7 c4 50. Na2+ Kb3 51. Nc1+ Kb2 52. Ne2 c3 53. Bg8 c2 54. Bxh7 Nd5 55. a5 Bd8 56. Kf2 Nc3 0-1

[Event "Botvinnik Memorial Senior"]
[Site "Suzdal"]
[Date "2011.08.15"]
[Round "3"]
[White "Zaitsev, Igor A"]
[Black "Ivkov, Borislav"]
[Result "1-0"]
[WhiteElo "2408"]
[BlackElo "2416"]
[PlyCount "79"]
[EventDate "2011.08.15"]
[EventType "tourn"]
[EventRounds "9"]
[EventCountry "RUS"]
[EventCategory "8"]
[SourceTitle "CBM 143 Extra"]
[Source "ChessBase"]
[SourceDate "2011.08.29"]
[SourceVersion "1"]
[SourceVersionDate "2011.08.29"]
[SourceQuality "1"]

1. e4 e5 2. Nf3 Nc6 3. Bb5 a6 4. Ba4 d6 5. Bxc6+ bxc6 6. d4 exd4 7. Nxd4 c5 8. Nc6 Qd7 9. Na5 Qb5 10. Bd2 Nf6 11. c4 Qd7 12. Nc3 Be7 13. Qe2 0-0 14. 0-0-0 Re8 15. f4 Bd8 16. Qd3 c6 17. Nb3 a5 18. Rhe1 a4 19. Na1 Bc7 20. Nc2 Ba6 21. Na3 Ba5 22. Nxa4 Qc7 23. Bxa5 Qxa5 24. Nc3 d5 25. exd5 Rxe1 26. Rxe1 Nxd5 27. Qe4 Nf6 28. Qxc6 Rd8 29. Qa4 Qb6 30. Nd5 Qd6 31. Nxf6+ gxf6 32. Re8+ Rxe8 33. Qxe8+ Kg7 34. Qe3 Bb7 35. Nb5 Qa6 36. a3 Qc6 37. Nc3 Qxg2 38. Qg3+ Qxg3 39. hxg3 Kg6 40. Kd2 1-0

[Event "Belgrade-chT"]
[Site "Belgrade"]
[Date "2008.10.08"]
[Round "4"]
[White "Ivkov, Borislav"]
[Black "Popovic, Aleksandar M"]
[Result "1-0"]
[WhiteElo "2404"]
[BlackElo "2299"]
[PlyCount "57"]
[EventDate "2008.10.05"]
[EventType "team-tourn"]
[EventRounds "9"]
[EventCountry "YUG"]
[SourceTitle "CBM 126 Extra"]
[Source "ChessBase"]
[SourceDate "2008.11.05"]
[SourceVersion "1"]
[SourceVersionDate "2008.11.05"]
[SourceQuality "1"]

1. Nf3 g6 2. d4 Bg7 3. g3 Nf6 4. Bg2 0-0 5. 0-0 d6 6. b3 Nfd7 7. Bb2 c5 8. c4 Nc6 9. Qd2 cxd4 10. Nxd4 Qb6 11. e3 Nde5 12. Nc3 a6 13. Nd5 Qd8 14. f4 Nxd4 15. Bxd4 Nc6 16. Bxg7 Kxg7 17. Rad1 Bg4 18. Qb2+ f6 19. Rd2 Rc8 20. c5 dxc5 21. Nxf6 exf6 22. Rxd8 Rfxd8 23. h3 Be6 24. g4 Rd6 25. g5 Rf8 26. Rf2 Rd3 27. Rd2 Rxd2 28. gxf6+ Rxf6 29. Qxd2 1-0

[Event "EU-ch Seniors 08th"]
[Site "Davos"]
[Date "2008.08.13"]
[Round "5"]
[White "Jadrijevic, Ante"]
[Black "Ivkov, Borislav"]
[Result "0-1"]
[WhiteElo "2250"]
[BlackElo "2411"]
[PlyCount "70"]
[EventDate "2008.08.09"]
[EventType "swiss"]
[EventRounds "9"]
[EventCountry "SUI"]
[SourceTitle "CBM 126 Extra"]
[Source "ChessBase"]
[SourceDate "2008.11.05"]
[SourceVersion "1"]
[SourceVersionDate "2008.11.05"]
[SourceQuality "1"]

1. d4 e6 2. e4 d5 3. exd5 exd5 4. Bd3 Nc6 5. c3 Bd6 6. Qf3 Nf6 7. h3 Be6 8. Ne2 Qd7 9. 0-0 0-0 10. Ng3 Ne7 11. Bg5 Ne8 12. Re1 f6 13. Bf4 Bxf4 14. Qxf4 Ng6 15. Qf3 Nd6 16. Nd2 Rae8 17. Ndf1 f5 18. Nh2 Ne4 19. Ngf1 c6 20. Re2 Re7 21. Rae1 Rfe8 22. a3 Qd6 23. g3 Rf8 24. Qh5 Nf6 25. Qg5 Ne4 26. Qh5 Nf6 27. Qg5 Ne4 28. Qc1 Rfe8 29. f4 Nxg3 30. Nxg3 Nxf4 31. Rxe6 Rxe6 32. Rxe6 Rxe6 33. Nxf5 Nxd3 34. Qf1 Qf4 35. Qxd3 g6 0-1

[Event "Canadian op"]
[Site "Montreal"]
[Date "2008.07.22"]
[Round "4"]
[White "Jiang, Louie"]
[Black "Ivkov, Borislav"]
[Result "0-1"]
[WhiteElo "2135"]
[BlackElo "2411"]
[PlyCount "146"]
[EventDate "2008.07.19"]
[EventType "swiss"]
[EventRounds "9"]
[EventCountry "CAN"]
[SourceTitle "EXT 2009"]
[Source "ChessBase"]
[SourceDate "2008.11.26"]
[SourceVersion "1"]
[SourceVersionDate "2008.11.26"]
[SourceQuality "1"]

1. e4 c5 2. Nf3 Nc6 3. d4 cxd4 4. Nxd4 g6 5. c4 Bg7 6. Be3 Nf6 7. Nc3 d6 8. Be2 0-0 9. 0-0 Bd7 10. f3 a5 11. Rc1 a4 12. Qd2 Qa5 13. Rfd1 Rfc8 14. Nxc6 Bxc6 15. Bd4 Nd7 16. Bxg7 Kxg7 17. Nd5 Bxd5 18. Qxa5 Rxa5 19. cxd5 Rac5 20. Rxc5 Rxc5 21. Rd4 Rc2 22. Bb5 Nc5 23. Rb4 a3 24. bxa3 Rxa2 25. a4 g5 26. g3 h5 27. h4 Kf6 28. f4 g4 29. Rc4 b6 30. Rb4 Ra3 31. Kg2 Re3 32. e5+ dxe5 33. fxe5+ Kxe5 34. Be8 Ne4 35. Bxf7 Rxg3+ 36. Kh2 Rh3+ 37. Kg2 Rxh4 38. Rxb6 Ng5 39. d6 exd6 40. Rb5+ Kf6 41. a5 Kxf7 42. a6 Rh3 43. Ra5 Ne6 44. a7 Nc7 45. Rb5 Ke6 46. Rb7 Na8 47. Rb8 Ra3 48. Rxa8 Kd5 49. Rh8 Rxa7 50. Rxh5+ Ke4 51. Rg5 Kf4 52. Rd5 Ra2+ 53. Kf1 Ra6 54. Kg2 Ke4 55. Rg5 Kf4 56. Rd5 Rb6 57. Rd4+ Kf5 58. Rd5+ Ke4 59. Rg5 d5 60. Rxg4+ Ke3 61. Rg5 d4 62. Re5+ Kd2 63. Ra5 Rf6 64. Ra2+ Ke3 65. Ra8 d3 66. Re8+ Kd2 67. Rc8 Ke2 68. Re8+ Kd1 69. Rc8 d2 70. Rc5 Ke2 71. Re5+ Kd3 72. Rd5+ Ke3 73. Rd7 Rf4 0-1

[Event "Canadian op"]
[Site "Montreal"]
[Date "2008.07.21"]
[Round "3"]
[White "Ivkov, Borislav"]
[Black "Chabot, Roland"]
[Result "0-1"]
[WhiteElo "2411"]
[BlackElo "2235"]
[PlyCount "46"]
[EventDate "2008.07.19"]
[EventType "swiss"]
[EventRounds "9"]
[EventCountry "CAN"]
[SourceTitle "CBM 125 Extra"]
[Source "ChessBase"]
[SourceDate "2008.09.01"]
[SourceVersion "1"]
[SourceVersionDate "2008.09.01"]
[SourceQuality "1"]

1. Nf3 d6 2. d4 g6 3. e4 Nf6 4. Nc3 Bg7 5. Be2 0-0 6. 0-0 Nc6 7. d5 Nb8 8. Re1 c6 9. h3 a6 10. a4 a5 11. Be3 Na6 12. dxc6 bxc6 13. e5 Ne8 14. exd6 exd6 15. Bg5 f6 16. Bc4+ Kh8 17. Bf4 Nb4 18. Ne4 d5 19. c3 Bf5 20. cxb4 Bxe4 21. Be2 Bxf3 22. Bxf3 axb4 23. Rc1 Rc8 0-1

[Event "Canadian op"]
[Site "Montreal"]
[Date "2008.07.19"]
[Round "1"]
[White "Ivkov, Borislav"]
[Black "Doubleday, William G"]
[Result "1-0"]
[WhiteElo "2411"]
[BlackElo "2125"]
[PlyCount "115"]
[EventDate "2008.07.19"]
[EventType "swiss"]
[EventRounds "9"]
[EventCountry "CAN"]
[SourceTitle "EXT 2009"]
[Source "ChessBase"]
[SourceDate "2008.11.26"]
[SourceVersion "1"]
[SourceVersionDate "2008.11.26"]
[SourceQuality "1"]

1. Nf3 d5 2. g3 c6 3. Bg2 Nf6 4. 0-0 Bg4 5. d3 e6 6. Nbd2 Nbd7 7. b3 Be7 8. Bb2 0-0 9. c4 a5 10. a3 h6 11. Rc1 Bf5 12. Rc2 Bh7 13. Qa1 Re8 14. Ne5 Nxe5 15. Bxe5 Bd6 16. Rb1 Bxe5 17. Qxe5 Qb8 18. Qxb8 Rexb8 19. b4 axb4 20. axb4 Kf8 21. b5 Ke8 22. Nf3 Nd7 23. Nd4 c5 24. Nb3 d4 25. Rcb2 Kd8 26. f4 Ra3 27. Kf2 Kc8 28. Nd2 Rba8 29. g4 f6 30. h4 Kc7 31. b6+ Kd6 32. Bxb7 Rb8 33. Be4 Bxe4 34. Nxe4+ Kc6 35. f5 exf5 36. gxf5 Rxb6 37. Rxb6+ Nxb6 38. Rc1 Ra7 39. Rg1 Nc8 40. Kf3 Nd6 41. Kf4 Nxe4 42. dxe4 Ra2 43. Rxg7 Rxe2 44. Rg6 d3 45. Rxf6+ Kc7 46. e5 d2 47. Rd6 Rf2+ 48. Kg4 Re2 49. Rd3 Rxe5 50. Rxd2 Re4+ 51. Kg3 Rxc4 52. f6 Ra4 53. f7 Ra8 54. Kg4 Rf8 55. Rf2 Kd6 56. Kh5 c4 57. Kxh6 c3 58. Kg7 1-0

[Event "Canadian op"]
[Site "Ottawa"]
[Date "2007.07.14"]
[Round "9"]
[White "Mai, Lloyd"]
[Black "Ivkov, Borislav"]
[Result "1/2-1/2"]
[WhiteElo "2211"]
[BlackElo "2414"]
[PlyCount "209"]
[EventDate "2007.07.07"]
[EventType "swiss"]
[EventRounds "10"]
[EventCountry "CAN"]
[SourceTitle "CBM 119 Extra"]
[Source "ChessBase"]
[SourceDate "2007.09.04"]
[SourceVersion "1"]
[SourceVersionDate "2007.09.04"]
[SourceQuality "1"]

1. e4 c5 2. Nf3 Nc6 3. d4 cxd4 4. Nxd4 g6 5. Be3 Bg7 6. Nc3 Nf6 7. Be2 0-0 8. 0-0 d5 9. Nxc6 bxc6 10. e5 Nd7 11. f4 e6 12. Na4 Qa5 13. c3 Ba6 14. Bxa6 Qxa6 15. Nc5 Nxc5 16. Bxc5 Rfb8 17. b4 Bf8 18. Bxf8 Kxf8 19. Qg4 Qb6+ 20. Kh1 a5 21. Qh4 Kg8 22. Rae1 axb4 23. f5 Qd8 24. Qg4 exf5 25. Rxf5 Qd7 26. e6 fxe6 27. Rf6 Rf8 28. Rxf8+ Rxf8 29. cxb4 Qd6 30. h3 e5 31. a4 d4 32. b5 cxb5 33. axb5 d3 34. Qc4+ Kg7 35. b6 Rf4 36. Qc7+ Qxc7 37. bxc7 d2 38. Rd1 Rc4 39. Rxd2 Rxc7 40. Rd6 h5 41. Kh2 h4 42. Kg1 Rf7 43. g3 Rf3 44. gxh4 Rxh3 45. Re6 Re3 46. Kf2 Re4 47. Kg3 Kf7 48. Rb6 Rf4 49. Ra6 Rf6 50. Ra5 Rf5 51. Ra7+ Kf6 52. Ra6+ Kg7 53. Kg4 Rf6 54. Ra7+ Rf7 55. Ra3 Rf4+ 56. Kg5 Rf5+ 57. Kg4 Kh6 58. Re3 Kg7 59. Rb3 Rf1 60. Rb7+ Rf7 61. Rb3 Kh6 62. Rb4 Re7 63. Re4 Re8 64. Kg3 Kh5 65. Kh3 Kh6 66. Kg4 Re7 67. Kg3 Kg7 68. Kg4 Kf6 69. Re3 Re6 70. Re1 Rd6 71. Rf1+ Kg7 72. Re1 Kf6 73. Rf1+ Ke7 74. h5 gxh5+ 75. Kxh5 Rd4 76. Kg5 Ke6 77. Ra1 Kd5 78. Re1 Rd3 79. Kg4 e4 80. Ra1 Kd4 81. Re1 Rd2 82. Kg3 Kd3 83. Ra1 Ke3 84. Ra3+ Rd3 85. Ra2 Rd2 86. Ra3+ Rd3 87. Ra2 Rd8 88. Ra3+ Rd3 89. Ra2 Rc3 90. Ra8 Ke2+ 91. Kg2 Rc2 92. Re8 e3 93. Ra8 Kd3+ 94. Kg3 Rc7 95. Ra3+ Kd2 96. Ra2+ Rc2 97. Ra1 Ke2 98. Ra8 Rb2 99. Ra3 Rc2 100. Ra8 Kd2 101. Ra1 e2 102. Kf2 Rb2 103. Re1 Kd3 104. Ra1 Rb3 105. Ra2 1/2-1/2

[Event "Basel Hilton op 09th"]
[Site "Basel"]
[Date "2007.01.06"]
[Round "6"]
[White "Ivkov, Borislav"]
[Black "Peredy, Ferenc"]
[Result "1/2-1/2"]
[WhiteElo "2430"]
[BlackElo "2311"]
[PlyCount "56"]
[EventDate "2007.01.01"]
[EventType "swiss"]
[EventRounds "7"]
[EventCountry "SUI"]
[SourceTitle "CBM 116 Extra"]
[Source "ChessBase"]
[SourceDate "2007.03.07"]
[SourceVersion "1"]
[SourceVersionDate "2007.03.07"]
[SourceQuality "1"]

1. Nf3 d5 2. c4 e6 3. g3 Nf6 4. Bg2 Be7 5. 0-0 0-0 6. d4 dxc4 7. Ne5 c5 8. dxc5 Bxc5 9. Nc3 a6 10. Qxd8 Rxd8 11. Nxc4 Nbd7 12. Rd1 Re8 13. Nd6 Bxd6 14. Rxd6 Rb8 15. Be3 Ng4 16. Ba7 Ra8 17. Bb6 Nxb6 18. Rxb6 Nf6 19. Rc1 Re7 20. Na4 Kf8 21. Rb3 Rb8 22. Nb6 Bd7 23. a4 e5 24. Rb4 Be6 25. a5 Rd8 26. Na4 Nd5 27. Bxd5 Bxd5 28. Rd1 Ke8 1/2-1/2

[Event "Basel Hilton op 09th"]
[Site "Basel"]
[Date "2007.01.03"]
[Round "3"]
[White "Zozulia, Anna"]
[Black "Ivkov, Borislav"]
[Result "1/2-1/2"]
[WhiteElo "2350"]
[BlackElo "2430"]
[PlyCount "131"]
[EventDate "2007.01.01"]
[EventType "swiss"]
[EventRounds "7"]
[EventCountry "SUI"]
[SourceTitle "CBM 116 Extra"]
[Source "ChessBase"]
[SourceDate "2007.03.07"]
[SourceVersion "1"]
[SourceVersionDate "2007.03.07"]
[SourceQuality "1"]

1. e4 e5 2. Nf3 Nc6 3. Bb5 a6 4. Ba4 Nf6 5. 0-0 Be7 6. Re1 b5 7. Bb3 d6 8. c3 0-0 9. h3 Na5 10. Bc2 c5 11. d4 Qc7 12. Nbd2 Bd7 13. Nf1 Nc4 14. b3 Nb6 15. Ne3 c4 16. bxc4 Nxc4 17. a4 Nxe3 18. Rxe3 bxa4 19. Bxa4 Bxa4 20. Qxa4 Nd7 21. Ba3 a5 22. dxe5 Nxe5 23. Nxe5 dxe5 24. Bxe7 Qxe7 25. Rd3 Rfd8 26. Rxd8+ Qxd8 27. Qb5 a4 28. Qxe5 a3 29. c4 Qa5 30. c5 Rc8 31. Ra2 h6 32. Kh2 Rxc5 33. Qe8+ Kh7 34. Qxf7 Rb5 35. Qf3 Rb4 36. Rxa3 Qe5+ 37. Qg3 Qxg3+ 38. Kxg3 Rxe4 39. Kf3 Rb4 40. g4 h5 41. Ra5 hxg4+ 42. hxg4 Kh6 43. Rh5+ Kg6 44. Kg3 Rb1 45. Ra5 Rb3+ 46. f3 Kh6 47. Ra6+ Kg5 48. Re6 Ra3 49. Re5+ Kh6 50. Kf4 g5+ 51. Ke4 Ra4+ 52. Kd5 Ra3 53. Re6+ Kg7 54. Ke4 Ra4+ 55. Kf5 Rf4+ 56. Kxg5 Rxf3 57. Re7+ Kg8 58. Kg6 Rf8 59. g5 Ra8 60. Rg7+ Kh8 61. Re7 Kg8 62. Kh6 Ra6+ 63. g6 Ra8 64. Rg7+ Kf8 65. Rh7 Kg8 66. Rg7+ 1/2-1/2